| 000 | 00760nas a2200217 a 4500 | ||
|---|---|---|---|
| 005 | 20250502105815.0 | ||
| 007 | ta | ||
| 008 | 250414e1971 dr m||||r||||||0| | spa d | ||
| 040 |
_aDO-SdBNP _cBNPHU _erda |
||
| 041 | _hspa | ||
| 100 |
_aCorominas Pepín, Bienvenido R _96459 _edirector |
||
| 245 |
_aEl Sol / _cBienvenido R. Corominas Pepín. |
||
| 264 |
_aSantiago de los Caballeros, República Dominicana : _bEl Sol, _c1971. |
||
| 300 |
_avolumen : _bilustraciones, fotografías ; _c28 cm. |
||
| 336 |
_atexto _btxt _2rdacontent |
||
| 337 |
_asin mediación _bn _2rdamedia |
||
| 338 |
_avolumen _bnc _2rdacarrier |
||
| 362 | _aNúmero 30-56, marzo 1971. | ||
| 650 | 0 |
_aDiarios _vPublicaciones periódicas _zRepública Dominicana _962788 |
|
| 942 |
_2ddc _cISSUE |
||
| 999 |
_c58725 _d58725 |
||